Roohal Hayaat (Record no. 8477)
[ view plain ]
| 000 -LEADER | |
|---|---|
| fixed length control field | 00339 a2200133 4500 |
| 040 ## - CATALOGING SOURCE | |
| Original cataloging agency | DLC |
| Language of cataloging | DLC |
| 082 ## - DEWEY DECIMAL CLASSIFICATION NUMBER | |
| Classification number | 297.092 |
| 100 ## - MAIN ENTRY--PERSONAL NAME | |
| Personal name | Baqir, Majlasi |
| 245 ## - TITLE STATEMENT | |
| Title | Roohal Hayaat |
| Statement of responsibility, etc. | Majlasi Baqir |
| 260 ## - PUBLICATION, DISTRIBUTION, ETC. | |
| Place of publication, distribution, etc. | Karachi:. |
| Name of publisher, distributor, etc. | Mehfooz Book Agency, |
| Date of publication, distribution, etc. | 1998 |
| 300 ## - PHYSICAL DESCRIPTION | |
| Extent | 704p. ; |
| Dimensions | 24 cm. |
| 650 ## - SUBJECT ADDED ENTRY--TOPICAL TERM | |
| Topical term or geographic name entry element | Islam--Zabt-e-hayat |
| 942 ## - ADDED ENTRY ELEMENTS (KOHA) | |
| Koha item type | Book |
| Call number prefix | 297.092 BAQ |
| Source of classification or shelving scheme | |
| Withdrawn status | Lost status | Damaged status | Not for loan | Collection code | Permanent Location | Current Location | Shelving location | Date acquired | Source of acquisition | Cost, normal purchase price | Total Checkouts | Total Renewals | Full call number | Barcode | Date last seen | Date last checked out | Price effective from | Koha item type |
|---|---|---|---|---|---|---|---|---|---|---|---|---|---|---|---|---|---|---|
| Central Library (CL) | Central Library (CL) | General Stacks | 01/03/2005 | Allied Book Company | 225.00 | 1 | 2 | 297.092 BAQ | SEECS005200 | 03/28/2022 | 01/28/2022 | 01/05/2017 | Book |
